| 000 | 02732cam a22005898i 4500 | ||
|---|---|---|---|
| 004 | data | ||
| 005 | 20260322212033.0 | ||
| 008 | data | ||
| 010 | _a 2017015317 | ||
| 020 |
_a9781506700151 _q(part one : paperback) |
||
| 020 |
_a1506700152 _q(part one : paperback) |
||
| 020 |
_a9781506700403 _q(part two) |
||
| 020 |
_a1506700403 _q(part two) |
||
| 040 |
_aDLC _beng _erda _cDLC _dOCL _dYDX _dBDX _dBTCTA _dOCLCF _dIOU _dOCLCO _dON8 _dOCLCO _dIFK _dOCL |
||
| 042 | _apcc | ||
| 050 | 0 | 0 |
_aPN6728.L434 _bD56 2017 |
| 082 | 0 | 0 |
_a741.5/973 _223 |
| 099 | _aKONIEB | ||
| 100 | 1 | _aKonietzko, Bryan | |
| 245 | 1 | 4 |
_aThe Legend of Korra : _bturf wars / _cBryan Konietzko ... [et al.]. |
| 246 | 3 | 0 | _aTurf wars |
| 250 | _aFirst edition. | ||
| 264 | 1 |
_aMilwaukie, OR : _bDark Horse Books, _c2017- |
|
| 300 |
_avolumes : _bcolor illustrations ; _c23 cm |
||
| 336 |
_atext _btxt _2rdacontent |
||
| 336 |
_astill image _2rdacontent |
||
| 337 |
_aunmediated _bn _2rdamedia |
||
| 338 |
_avolume _bnc _2rdacarrier |
||
| 500 | _aDescription based on volume 1. | ||
| 508 | _aPart one: colors by Vivian Ng ; lettering by Nate Piekos of Blambot ; cover by Heather Campbell with Jane Bak. | ||
| 520 | _a"Relishing their newfound feelings for each other, Korra and Asami leave the Spirit World, but find nothing in Republic City but political hijinks and human vs. spirit conflict. A pompous developer plans to turn the new spirit portal into an amusement park, potentially severing an already tumultuous connection with the spirits. What's more, the triads have realigned and are in a brutal all-out brawl at the city's borders--where hundreds of evacuees have relocated! In order to get through it all, Korra and Asami vow to look out for each other--but first, they've got to get better at being a team and a couple!"--Provided by publisher. | ||
| 650 | 0 |
_aSpirits _vComic books, strips, etc. |
|
| 650 | 0 |
_aReal estate developers _vComic books, strips, etc. |
|
| 650 | 0 |
_aEvacuation of civilians _vComic books, strips, etc. |
|
| 650 | 0 |
_aComic books, strips, etc. _zUnited States. |
|
| 655 | 7 |
_aComic books, strips, etc. _2fast |
|
| 655 | 7 |
_aComics (Graphic works) _2lcgft |
|
| 655 | 7 |
_aFantasy comics. _2lcgft |
|
| 655 | 7 |
_aComics (Graphic works) _2fast |
|
| 655 | 7 |
_aGraphic novels. _2lcgft |
|
| 655 | 7 |
_aScience fiction comics. _2lcgft |
|
| 655 | 7 |
_aFantasy comics. _2fast |
|
| 655 | 7 |
_aFiction. _2lcgft |
|
| 655 | 7 |
_aGraphic novels. _2fast |
|
| 655 | 7 |
_aScience fiction comics. _2fast |
|
| 700 | 1 |
_aDiMartino, Michael Dante, _eauthor. |
|
| 700 | 1 |
_aKoh, Irene _c(Comic book artist), _eartist. |
|
| 700 | 1 |
_aNg, Killian, _ecolorist. |
|
| 700 | 1 |
_aPiekos, Nate, _eletterer. |
|
| 730 | 0 | _aLegend of Korra (Television program) | |
| 001 | data | ||
| 999 |
_c767 _d767 |
||